000 00623nam a2200205Ii 4500
003 JO-AjNU
008 230605s9999||||xx |||||||||||||| ||und||
017 _a2008/10/3764
040 _aJO-AjNU
_bara
_erda
_cJO-AjNU
041 _aara
050 1 4 _aPJ7852.A922.M37 2008
100 3 _aتأليف النوايسة، حكمت,
_eauthor
_948590
245 0 0 _aمسلة نبطية: شعر
264 3 1 _aعمان:وزارة الثقافة،2008
300 _a156ص
336 _atext
_btxt
_2rdacontent
337 _aunmediated
_bn
_2rdamedia
338 _avolume
_bnc
_2rdacarrier
650 4 _aالشعر العربي
_948591
999 _aA21290
_c24858
_d24858